<?xml version="1.0" encoding="UTF-8"?>
<record
    xmlns:xsi="http://www.w3.org/2001/XMLSchema-instance"
    xsi:schemaLocation="http://www.loc.gov/MARC21/slim http://www.loc.gov/standards/marcxml/schema/MARC21slim.xsd"
    xmlns="http://www.loc.gov/MARC21/slim">

  <leader>01063aab a2200217   4500</leader>
  <controlfield tag="001">768714001</controlfield>
  <controlfield tag="003">CO-MdFUSB</controlfield>
  <controlfield tag="005">20240611170731.0</controlfield>
  <controlfield tag="008">170512s1996    cr ||||| |||| 00| 00spa d</controlfield>
  <datafield tag="022" ind1=" " ind2=" ">
    <subfield code="a">1409-1968</subfield>
  </datafield>
  <datafield tag="040" ind1=" " ind2=" ">
    <subfield code="a">CO-MdFUSB</subfield>
    <subfield code="b">spa</subfield>
    <subfield code="c">CO-MdFUSB</subfield>
    <subfield code="d">CO-MdFUSB</subfield>
  </datafield>
  <datafield tag="041" ind1=" " ind2=" ">
    <subfield code="a">spa</subfield>
  </datafield>
  <datafield tag="100" ind1="1" ind2=" ">
    <subfield code="a">Wittig, Randall M.</subfield>
    <subfield code="e">autor</subfield>
  </datafield>
  <datafield tag="245" ind1="1" ind2="0">
    <subfield code="a">Como aprenden los adultos</subfield>
    <subfield code="c">/ Randall M. Wittig</subfield>
  </datafield>
  <datafield tag="300" ind1=" " ind2=" ">
    <subfield code="a">Volumen 13. N&#xFA;mero 2 (1996), p&#xE1;ginas 31-33</subfield>
    <subfield code="c">: 27 cm.</subfield>
  </datafield>
  <datafield tag="520" ind1=" " ind2=" ">
    <subfield code="a">En este art&#xED;culo se habla sobre c&#xF3;mo aprenden los adultos y qu&#xE9; es lo que los diferencia de los ni&#xF1;os y j&#xF3;venes en el proceso de ense&#xF1;anza -aprendizaje.
Es importante que la iglesia entienda las diferencias si quiere lograr un discipulado eficaz.
Muchos, equivocadamente, han menospreciado la habilidad de los adultos para aprender y el valor de invertir tiempo en el esfuerzo.</subfield>
  </datafield>
  <datafield tag="650" ind1=" " ind2="7">
    <subfield code="a">Educaci&#xF3;n cristiana de adultos</subfield>
    <subfield code="9">7017</subfield>
  </datafield>
  <datafield tag="773" ind1="0" ind2=" ">
    <subfield code="t">Apuntes Pastorales</subfield>
    <subfield code="0">49442</subfield>
    <subfield code="9">60177</subfield>
    <subfield code="g">Volumen 13. N&#xFA;mero 2 (1996), p&#xE1;ginas 31-33</subfield>
    <subfield code="q">P&#xE1;gina 31</subfield>
  </datafield>
  <datafield tag="942" ind1=" " ind2=" ">
    <subfield code="c">ANA</subfield>
  </datafield>
  <datafield tag="945" ind1=" " ind2=" ">
    <subfield code="a">JTF-925</subfield>
  </datafield>
  <datafield tag="999" ind1=" " ind2=" ">
    <subfield code="c">53577</subfield>
    <subfield code="d">53577</subfield>
  </datafield>
</record>
